[Event "Russian Championship G19 2016"]
[Site "Loo"]
[Date "2016.04.23"]
[Round "4.10"]
[White "Khatmullina, Dilara"]
[Black "Lingur, Zalina"]
[Result "1/2-1/2"]
[WhiteElo "2049"]
[BlackElo "2216"]
[PlyCount "122"]
[EventDate "2016.04.20"]

1. d4 Nf6 2. c4 e6 3. Nc3 Bb4 4. Qc2 O-O 5. a3 Bxc3+ 6. Qxc3 b6 7. Bg5 Bb7 8.
Nf3 d6 9. g3 Nbd7 10. Bg2 h6 11. Bxf6 Qxf6 12. Rc1 Rfe8 13. O-O Qe7 14. Ne1
Bxg2 15. Nxg2 f5 16. Qd3 Nf6 17. Rce1 Ne4 18. f3 Ng5 19. Nf4 c6 20. h4 e5 21.
hxg5 exf4 22. Qxf5 fxg3 23. e4 Rf8 24. Qg4 hxg5 25. Qxg3 Rf4 26. Re2 Raf8 27.
Rg2 g4 28. Rgf2 Qf6 29. fxg4 Qxd4 30. b3 Rxf2 31. Rxf2 Rxf2 32. Qxf2 Qxf2+ 33.
Kxf2 Kf7 34. Ke3 Kf6 35. Kf4 g5+ 36. Ke3 Ke5 37. b4 a5 38. b5 cxb5 39. cxb5 a4
40. Kd3 d5 41. exd5 Kxd5 42. Ke3 Kc4 43. Ke4 Kxb5 44. Kf5 Kc4 45. Kxg5 Kb3 46.
Kf5 Kxa3 47. g5 Kb2 48. g6 a3 49. g7 a2 50. g8=Q a1=Q 51. Qg7+ Kb1 52. Qg1+ Ka2
53. Qxb6 Qf1+ 54. Ke5 Qe2+ 55. Kd6 Qh2+ 56. Kc6 Qh6+ 57. Kb7 Qh7+ 58. Ka6 Qd3+
59. Kb7 Qd7+ 60. Ka6 Qc8+ 61. Qb7 Qxb7+ 1/2-1/2

[Event "Russian Championship G19 2016"]
[Site "Loo"]
[Date "2016.04.23"]
[Round "4.11"]
[White "Baryshnikova, Natalija"]
[Black "Drogovoz, Irina"]
[Result "0-1"]
[WhiteElo "1953"]
[BlackElo "2205"]
[PlyCount "86"]
[EventDate "2016.04.20"]

1. e4 c5 2. Nf3 d6 3. Bb5+ Bd7 4. Bxd7+ Qxd7 5. d4 cxd4 6. Nxd4 Nf6 7. f3 g6 8.
c4 Bg7 9. Nc3 h6 10. O-O O-O 11. Nde2 Rc8 12. b3 Qd8 13. Bb2 Nbd7 14. Qd2 a6
15. Kh1 Rab8 16. Nd4 Qa5 17. Qe2 e6 18. Rad1 Kh7 19. f4 e5 20. Nc2 exf4 21. Nd5
Nxd5 22. Rxd5 b5 23. Bxg7 Kxg7 24. Rxd6 Nf8 25. b4 Qxa2 26. c5 Ra8 27. Qd2 Qc4
28. Rxf4 a5 29. e5 Qa2 30. Rdf6 Ra7 31. Qf2 Rcc7 32. h3 Ne6 33. Rf3 axb4 34.
Rxe6 Qxe6 35. Nxb4 Qxe5 36. g4 Qe4 37. Nd3 Ra2 38. Qf1 Re7 39. Kg1 Qd4+ 40. Kh1
Ra1 41. Ne1 Raxe1 42. Qxe1 Rxe1+ 43. Kg2 Qb2+ 0-1

[Event "Russian Championship G19 2016"]
[Site "Loo"]
[Date "2016.04.23"]
[Round "4.12"]
[White "Mukhina, Jana"]
[Black "Dolgaeva, Evgenia"]
[Result "0-1"]
[WhiteElo "2072"]
[BlackElo "1931"]
[PlyCount "97"]
[EventDate "2016.04.20"]

1. e4 c5 2. Nf3 Nc6 3. Bb5 e6 4. O-O Nge7 5. d4 cxd4 6. Nxd4 Ng6 7. Be3 Qc7 8.
Nc3 Be7 9. Be2 a6 10. Nb3 Nf4 11. Bf3 O-O 12. g3 Ng6 13. Bg2 Nge5 14. Qe2 d6
15. f4 Nd7 16. Qf2 b6 17. Rad1 Rb8 18. Rd2 b5 19. Qf3 Nb6 20. Rdf2 Nc4 21. Bc1
Qb6 22. Qh5 g6 23. Qh3 Ne3 24. Bxe3 Qxe3 25. Kh1 Bd7 26. f5 Qg5 27. f6 Bd8 28.
Rd2 Bxf6 29. Rxd6 Ne5 30. Rdd1 b4 31. Ne2 Bb5 32. Nbd4 Bxe2 33. Nxe2 Nc4 34.
Rd7 Ne3 35. Rb1 Qb5 36. Rd2 Nc4 37. Rdd1 Ne3 38. Rd2 Rfd8 39. Rxd8+ Rxd8 40.
Bf1 Qe5 41. Bg2 Rd2 42. Nf4 g5 43. Nd3 Qd4 44. Rg1 Rxc2 45. e5 Bg7 46. Ne1 Nd1
47. Rf1 Nf2+ 48. Rxf2 Qxf2 49. Qg4 0-1

[Event "Russian Championship G19 2016"]
[Site "Loo"]
[Date "2016.04.23"]
[Round "4.13"]
[White "Shapar, Tatiana"]
[Black "Porozhnyak, Maya"]
[Result "1-0"]
[WhiteElo "1932"]
[BlackElo "2007"]
[PlyCount "97"]
[EventDate "2016.04.20"]

1. e4 c5 2. Nf3 e6 3. d4 cxd4 4. Nxd4 a6 5. c4 Nf6 6. Nc3 Qc7 7. a3 Nc6 8. Be3
Be7 9. Be2 O-O 10. O-O d6 11. f3 b6 12. Qd2 Bb7 13. b4 Ne5 14. Rac1 Rfd8 15.
Na4 Ned7 16. Rfd1 g6 17. Bf1 Ne8 18. Qf2 Rab8 19. Nb3 Bc6 20. Nb2 a5 21. Nd4
axb4 22. axb4 e5 23. Nxc6 Qxc6 24. Ra1 Ra8 25. Qc2 Ng7 26. Qb3 Kh8 27. Rxa8
Rxa8 28. c5 Rf8 29. cxd6 Bd8 30. Qc4 Qxc4 31. Bxc4 f5 32. Bb5 Nf6 33. Bc6 fxe4
34. fxe4 Ng4 35. Bc1 b5 36. Nd3 Bb6+ 37. Nc5 Ne6 38. Rf1 Rd8 39. Ba3 Nd4 40.
Bd7 Ne3 41. Rf7 Kg8 42. Re7 Nec2 43. Bb2 Nxb4 44. Bxd4 exd4 45. Ne6 d3+ 46. Kf1
d2 47. Ke2 Be3 48. Nxd8 Na2 49. Be6+ 1-0

[Event "Russian Championship G19 2016"]
[Site "Loo"]
[Date "2016.04.23"]
[Round "4.14"]
[White "Zhivotovskaya, Asya"]
[Black "Sataeva, Lana"]
[Result "1/2-1/2"]
[WhiteElo "1951"]
[BlackElo "1726"]
[PlyCount "82"]
[EventDate "2016.04.20"]

1. c4 c5 2. Nc3 Nc6 3. g3 b6 4. Bg2 Bb7 5. e4 e6 6. Nge2 Nge7 7. d4 cxd4 8.
Nxd4 Nxd4 9. Qxd4 Nc6 10. Qd1 a6 11. O-O Be7 12. Be3 Bc5 13. Qd2 O-O 14. Bxc5
bxc5 15. Rfd1 Nd4 16. Na4 d6 17. b4 Qc7 18. bxc5 dxc5 19. Nxc5 e5 20. Nb3 Rfd8
21. Qb2 Ne6 22. Rac1 Rdc8 23. Rd2 a5 24. a4 Bc6 25. Qa3 Qb7 26. Rb2 Qb4 27.
Qxb4 axb4 28. a5 Ba4 29. Nd2 Nc5 30. Bf1 b3 31. Ra1 g6 32. Be2 Rxa5 33. Nxb3
Nxb3 34. Rxb3 Bxb3 35. Rxa5 Bxc4 36. Bg4 Re8 37. Rc5 Bb3 38. Bd7 Re7 39. Rc8+
Kg7 40. Bc6 Kf6 41. Kg2 Be6 1/2-1/2

[Event "Russian Championship G19 2016"]
[Site "Loo"]
[Date "2016.04.23"]
[Round "4.15"]
[White "Efimova, Anastasia"]
[Black "Sayafarova, Anna"]
[Result "0-1"]
[WhiteElo "1832"]
[BlackElo "1947"]
[PlyCount "80"]
[EventDate "2016.04.20"]

1. d4 d5 2. c4 dxc4 3. Nf3 Nf6 4. e3 e6 5. Bxc4 a6 6. a4 c5 7. O-O cxd4 8. exd4
Be7 9. Qe2 O-O 10. Nc3 Nc6 11. Rd1 Nb4 12. Bg5 Nbd5 13. Nxd5 Nxd5 14. Bxe7 Nxe7
15. Ne5 b6 16. Ra3 Bb7 17. Rh3 g6 18. Ng4 Qd6 19. Qd2 f5 20. Ne5 f4 21. Qe2
Rad8 22. Ng4 Bd5 23. Bxd5 Qxd5 24. Qxa6 h5 25. Ne3 fxe3 26. Rxe3 Qf5 27. Qe2
Nd5 28. Re5 Qf7 29. g3 Rd6 30. Rc1 Nf6 31. h3 Rfd8 32. Qe3 Nd5 33. Qe2 Ne7 34.
Rc7 Qf6 35. Re4 Nf5 36. d5 Nd4 37. Qe3 Rxd5 38. b4 Nf5 39. Rxe6 Qa1+ 40. Rc1
Rd1+ 0-1

[Event "Russian Championship G19 2016"]
[Site "Loo"]
[Date "2016.04.23"]
[Round "4.16"]
[White "Nenasheva, Diana"]
[Black "Bocharova, Ulyana"]
[Result "0-1"]
[WhiteElo "1740"]
[BlackElo "1939"]
[PlyCount "62"]
[EventDate "2016.04.20"]

1. d4 d5 2. c4 c6 3. Nf3 Nf6 4. e3 Bf5 5. Nc3 e6 6. Be2 Bd6 7. O-O Nbd7 8. cxd5
exd5 9. Nh4 Bg6 10. Nxg6 hxg6 11. g3 Qe7 12. a3 Qe6 13. f4 O-O-O 14. Rf2 Rh7
15. Bd2 Rdh8 16. Rc1 Ne4 17. Nxe4 Qxe4 18. Qa4 Kb8 19. b4 g5 20. Qc2 Nf6 21.
Bd3 Qe6 22. Bxh7 Rxh7 23. fxg5 Ne4 24. Rcf1 Bxg3 25. Rg2 Bxh2+ 26. Rxh2 Qg4+
27. Kh1 Ng3+ 28. Kg1 Ne2+ 29. Kh1 Rxh2+ 30. Kxh2 Qg3+ 31. Kh1 Qh3# 0-1

[Event "Russian Championship G19 2016"]
[Site "Loo"]
[Date "2016.04.23"]
[Round "4.18"]
[White "Leontyeva, Anastasija"]
[Black "Mukhtarova, Viktoriya"]
[Result "1-0"]
[WhiteElo "1823"]
[BlackElo "1899"]
[PlyCount "51"]
[EventDate "2016.04.20"]

1. d4 Nf6 2. c4 g6 3. Nc3 Bg7 4. e4 d6 5. Nf3 O-O 6. Be2 Nbd7 7. O-O e5 8. Be3
Re8 9. d5 a5 10. Nd2 Nc5 11. a3 Bd7 12. b4 axb4 13. axb4 Rxa1 14. Qxa1 Na6 15.
Qb2 Ng4 16. Bxg4 Bxg4 17. c5 c6 18. Nc4 dxc5 19. bxc5 cxd5 20. Nxd5 Qc8 21. Nd6
Qd8 22. Nxe8 Qxe8 23. Qxb7 Nb8 24. Ra1 h5 25. Ra8 Kh7 26. Qxb8 1-0

[Event "Russian Championship G19 2016"]
[Site "Loo"]
[Date "2016.04.23"]
[Round "4.20"]
[White "Polkhovskaya, Polina"]
[Black "Alekseeva, Yulia"]
[Result "1/2-1/2"]
[WhiteElo "1822"]
[BlackElo "1858"]
[PlyCount "84"]
[EventDate "2016.04.20"]

1. b3 e5 2. Bb2 d6 3. e3 f5 4. Nf3 Nf6 5. d4 e4 6. Nfd2 d5 7. c4 c6 8. Nc3 Bb4
9. Qc2 O-O 10. Be2 Bxc3 11. Bxc3 Qd6 12. cxd5 cxd5 13. Bb2 Nc6 14. Bb5 Bd7 15.
Bxc6 Qxc6 16. Rc1 Rac8 17. Qxc6 Rxc6 18. O-O Rfc8 19. Rxc6 Rxc6 20. Rc1 Rxc1+
21. Bxc1 Kf7 22. b4 b6 23. Nb1 a6 24. Nc3 Bc6 25. a4 b5 26. axb5 axb5 27. Ne2
g5 28. g3 Ke6 29. Kg2 Nd7 30. f4 g4 31. Bd2 h5 32. Nc1 Kd6 33. Nb3 Kc7 34. Nc5
Kd6 35. Nb3 Kc7 36. Nc5 Kd6 37. h3 Ba8 38. hxg4 hxg4 39. Nxd7 Kxd7 40. Bc3 Bc6
41. Kf2 Kd6 42. Ke2 Kc7 1/2-1/2

[Event "Russian Championship B15 1st league 2016"]
[Site "Loo"]
[Date "2016.04.23"]
[Round "4.1"]
[White "Odegov, Artem"]
[Black "Chizho, Aleksandr"]
[Result "0-1"]
[WhiteElo "2063"]
[BlackElo "1893"]
[PlyCount "74"]
[EventDate "2016.04.20"]

1. e4 e6 2. d4 d5 3. Nd2 c5 4. exd5 exd5 5. Ngf3 Nc6 6. Bb5 Bd6 7. dxc5 Bxc5 8.
O-O Nge7 9. Nb3 Bb6 10. Nbd4 O-O 11. c3 Bg4 12. Qd3 Qd6 13. Re1 Bc7 14. g3 Ng6
15. Bxc6 bxc6 16. b4 a5 17. a3 Rab8 18. Bb2 Qf6 19. Bc1 h6 20. Kg2 Rfe8 21. Bd2
Rbd8 22. h3 Bc8 23. Rad1 Ne5 24. Nxe5 Bxe5 25. Nf3 Bf5 26. Qe3 Be4 27. c4 Bd4
28. Qe2 dxc4 29. bxa5 Bd5 30. Qxe8+ Rxe8 31. Rxe8+ Kh7 32. Bf4 g5 33. Rxd4 Qxd4
34. Be5 Qd3 35. Rh8+ Kg6 36. Rg8+ Kf5 37. g4+ Ke6 0-1

[Event "Russian Championship B15 1st league 2016"]
[Site "Loo"]
[Date "2016.04.23"]
[Round "4.2"]
[White "Vasiliev, Georgiy"]
[Black "Rogotskiy, Yuriy"]
[Result "1-0"]
[WhiteElo "1886"]
[BlackElo "1967"]
[PlyCount "55"]
[EventDate "2016.04.20"]

1. d4 Nf6 2. Nf3 e6 3. c4 b6 4. a3 Bb7 5. Nc3 Be7 6. d5 d6 7. e4 O-O 8. Be2 a5
9. Rb1 Nbd7 10. b4 Re8 11. O-O Bf8 12. Re1 exd5 13. exd5 Ne5 14. Nd4 Ba6 15. f4
Ng6 16. bxa5 bxa5 17. Nc6 Qd7 18. Nxa5 Ne4 19. Qc2 Nxc3 20. Qxc3 Qf5 21. Rb2
Nxf4 22. Rf1 Nxe2+ 23. Rxe2 Qg4 24. Ref2 Qg6 25. Nc6 Re4 26. Rxf7 Rxc4 27. Qxc4
Bxc4 28. Rxf8+ 1-0

[Event "Russian Championship B15 1st league 2016"]
[Site "Loo"]
[Date "2016.04.23"]
[Round "4.3"]
[White "Permin, Viktor"]
[Black "Tyurin, Ilya"]
[Result "0-1"]
[WhiteElo "1930"]
[BlackElo "1860"]
[PlyCount "92"]
[EventDate "2016.04.20"]

1. d4 Nf6 2. c4 e6 3. g3 d5 4. Nf3 Bb4+ 5. Bd2 Be7 6. Bg2 O-O 7. Qc2 Nbd7 8. c5
c6 9. b4 Ne4 10. Nc3 Nxd2 11. Qxd2 a5 12. bxa5 Qxa5 13. O-O b6 14. cxb6 Bb4 15.
Rfc1 Nxb6 16. Qc2 Nc4 17. Nd2 Ba6 18. Nb3 Qd8 19. Na4 Na3 20. Qb2 Bb5 21. Nac5
Nc4 22. Qc2 Ra3 23. e3 Qe7 24. Bf1 Rfa8 25. Nd3 Bd6 26. Ne5 Nxe5 27. Bxb5 cxb5
28. dxe5 Bxe5 29. Nd4 Bxd4 30. exd4 g6 31. Qc6 Qf6 32. Qxb5 Qxd4 33. Qe2 Qf6
34. Kg2 d4 35. Rd1 d3 36. Qd2 e5 37. Rac1 Rxa2 38. Qe3 Re2 39. Qc5 Raa2 40. Rf1
Rac2 41. Rxc2 Rxc2 42. Qa3 Qc6+ 43. Kg1 d2 44. Qb4 Qc5 45. Qb8+ Kg7 46. Qd8 Qb4
0-1

[Event "Russian Championship B15 1st league 2016"]
[Site "Loo"]
[Date "2016.04.23"]
[Round "4.4"]
[White "Adyrbaev, Albert"]
[Black "Asatryan, Gor"]
[Result "1-0"]
[WhiteElo "2022"]
[BlackElo "1853"]
[PlyCount "129"]
[EventDate "2016.04.20"]

1. d4 b5 2. Nf3 Bb7 3. g3 Nf6 4. Bg2 e6 5. O-O d5 6. b3 c5 7. Bb2 Nc6 8. c4
bxc4 9. bxc4 Be7 10. cxd5 Nxd5 11. dxc5 O-O 12. Nc3 Nxc3 13. Bxc3 Qxd1 14.
Rfxd1 Bxc5 15. Ne5 Nxe5 16. Bxb7 Rab8 17. Be4 Ng4 18. e3 Rfc8 19. Rd3 Rd8 20.
Rad1 Bb6 21. Bf3 Nf6 22. Kf1 Rxd3 23. Rxd3 Rd8 24. Ke2 Nd7 25. a4 Nc5 26. Rxd8+
Bxd8 27. a5 e5 28. Bd5 Bc7 29. Kd2 Bd6 30. Kc2 Kf8 31. Bb4 Ke7 32. Bd2 f6 33.
Kc3 Kd7 34. Kc4 a6 35. e4 Ne6 36. Be3 Nd8 37. Bg8 h6 38. Kd5 Bb4 39. Bb6 Nb7
40. Be6+ Ke7 41. Bc8 Bxa5 42. Be3 Nd8 43. Bc5+ Kf7 44. Kd6 g5 45. Bxa6 Kg6 46.
Kd7 g4 47. Bc4 Nf7 48. Be6 h5 49. Bf5+ Kg7 50. Ke8 Ng5 51. Bf8+ Kg8 52. Bh6 Bd2
53. Bf8 Ba5 54. Bg6 Nh3 55. Bxh5 Nxf2 56. Bf7+ Kh7 57. Be6 Nd1 58. Kf7 Ne3 59.
Bg7 Bd8 60. Bxf6 Bxf6 61. Kxf6 Nf1 62. Kxe5 Nxh2 63. Kf4 Nf3 64. Bxg4 Nd4 65.
Ke5 1-0

[Event "Russian Championship B15 1st league 2016"]
[Site "Loo"]
[Date "2016.04.23"]
[Round "4.5"]
[White "Suvorov, Aleksandr"]
[Black "Mukhutdinov, Tigran"]
[Result "1-0"]
[WhiteElo "1907"]
[BlackElo "2059"]
[PlyCount "81"]
[EventDate "2016.04.20"]

1. e4 e5 2. Nf3 Nc6 3. Bb5 a6 4. Bxc6 dxc6 5. O-O Bg4 6. h3 h5 7. d3 Bxf3 8.
Qxf3 Qd7 9. Nd2 O-O-O 10. Nc4 f6 11. Rd1 Bd6 12. c3 Qe6 13. Nxd6+ cxd6 14. d4
exd4 15. cxd4 d5 16. exd5 Qxd5 17. Qe2 Qd6 18. d5 cxd5 19. Be3 Kb8 20. b4 Nh6
21. b5 Nf5 22. bxa6 Nxe3 23. Qxe3 d4 24. Qe4 Qd5 25. Qf4+ Qe5 26. Qf3 Qd5 27.
Qg3+ Qd6 28. Qxg7 Qxa6 29. Rxd4 Rhg8 30. Rxd8+ Rxd8 31. Rc1 Qd6 32. Rb1 Qc6 33.
Qg3+ Ka8 34. Rb3 b6 35. Rc3 Qe4 36. Ra3+ Kb7 37. Qg7+ Kc6 38. Qxf6+ Rd6 39.
Rc3+ Kd5 40. Qf7+ Re6 41. Qd7+ 1-0

[Event "Russian Championship B15 1st league 2016"]
[Site "Loo"]
[Date "2016.04.23"]
[Round "4.6"]
[White "Avalyan, Artur"]
[Black "Zavialov, Nikita A"]
[Result "1-0"]
[WhiteElo "2021"]
[BlackElo "1883"]
[PlyCount "115"]
[EventDate "2016.04.20"]

1. e4 c5 2. Nf3 Nc6 3. d4 cxd4 4. Nxd4 e5 5. Nb5 d6 6. N1c3 a6 7. Na3 b5 8. Nd5
Nf6 9. Bg5 Be7 10. Bxf6 Bxf6 11. c3 Bg5 12. Nc2 Be6 13. a4 bxa4 14. Rxa4 a5 15.
Bc4 O-O 16. O-O Rb8 17. b3 Qd7 18. Qd3 Rb7 19. Qg3 Be7 20. Nce3 Rfb8 21. h3 Kh8
22. Rd1 Bd8 23. Ra2 Ne7 24. Nxe7 Qxe7 25. Rad2 Rd7 26. Nd5 Bxd5 27. Rxd5 Bb6
28. Qd3 Bc7 29. Qe2 Rdd8 30. R5d3 Bb6 31. Kh1 Bc5 32. Rf3 Rf8 33. Qd3 g6 34.
Ra1 Qc7 35. Bd5 Kg7 36. Ra4 Qb6 37. Qd2 Qc7 38. h4 Qd8 39. Rh3 h5 40. Qe2 Bb6
41. Ra2 Rc8 42. Kh2 Rc7 43. Bc4 Qf6 44. Rd2 Kh7 45. Kg1 Bc5 46. Rdd3 Qe7 47.
Rdg3 Qf6 48. Rf3 Qg7 49. Rhg3 Qh6 50. Rf6 Kg7 51. Rf5 Kh7 52. Rff3 Kg7 53. Kh2
Kh7 54. Rf6 Kg7 55. Qf3 Ra7 56. Qf5 Re7 57. Bxf7 Rexf7 58. Rgxg6+ 1-0

[Event "Russian Championship B15 1st league 2016"]
[Site "Loo"]
[Date "2016.04.23"]
[Round "4.7"]
[White "Marchenko, Nikolay"]
[Black "Badalian, Daniel"]
[Result "1/2-1/2"]
[WhiteElo "1995"]
[BlackElo "1898"]
[PlyCount "113"]
[EventDate "2016.04.20"]

1. d4 Nf6 2. c4 g6 3. Nc3 d5 4. Nf3 Bg7 5. Bg5 Ne4 6. cxd5 Nxg5 7. Nxg5 e6 8.
Nf3 exd5 9. b4 c6 10. e3 O-O 11. Bd3 Be6 12. O-O Nd7 13. Qc2 Qe7 14. Rab1 Rfc8
15. Na4 b5 16. Nc3 a5 17. a3 Nb6 18. Rfe1 f5 19. Nd2 axb4 20. axb4 Nc4 21. Bxc4
dxc4 22. Nf3 Bd5 23. e4 fxe4 24. Nxe4 Bxe4 25. Rxe4 Qd6 26. Qe2 Rf8 27. h4 Qd5
28. Ne5 c3 29. Rc1 Ra2 30. Rc2 Rb2 31. h5 Qa2 32. hxg6 h6 33. Nf7 Qb1+ 34. Kh2
Qxc2 35. Qg4 Qxf2 36. Qh3 Qxg2+ 37. Qxg2 Rxg2+ 38. Kxg2 c2 39. Re1 Bxd4 40. Rc1
Kg7 41. Rxc2 Kxg6 42. Nd6 Rf6 43. Ne8 Re6 44. Nc7 Rf6 45. Ne8 Rf4 46. Rxc6+ Kg5
47. Nc7 Rg4+ 48. Kf3 Rf4+ 49. Kg2 Rg4+ 50. Kf3 h5 51. Nxb5 Rf4+ 52. Kg2 Bf6 53.
Rc5+ Kg4 54. Rc6 Bg5 55. Nd6 Bf6 56. Rc4 Rxc4 57. Nxc4 1/2-1/2

[Event "Russian Championship B15 1st league 2016"]
[Site "Loo"]
[Date "2016.04.23"]
[Round "4.8"]
[White "Hein, Vladimir"]
[Black "Volkov, Andrey"]
[Result "1/2-1/2"]
[WhiteElo "1866"]
[BlackElo "1935"]
[PlyCount "54"]
[EventDate "2016.04.20"]

1. d4 Nf6 2. c4 c5 3. d5 b5 4. cxb5 a6 5. bxa6 g6 6. Nc3 Bg7 7. e4 O-O 8. Bc4
Qa5 9. Bd2 d6 10. Nge2 Bxa6 11. Bxa6 Nxa6 12. O-O Rfb8 13. Rb1 Rb7 14. f4 Nd7
15. b3 Qd8 16. a4 Rab8 17. Nb5 Nc7 18. Ba5 Nb6 19. Nec3 Bxc3 20. Nxc3 Ra7 21.
Bxb6 Rxb6 22. f5 Rab7 23. fxg6 fxg6 24. Qc2 Qb8 25. Qf2 Qe8 26. Qc2 Qb8 27. Qf2
Qe8 1/2-1/2

[Event "Russian Championship B15 1st league 2016"]
[Site "Loo"]
[Date "2016.04.23"]
[Round "4.9"]
[White "Sanarov, Leonid"]
[Black "Arbuzov, Mikhail"]
[Result "1/2-1/2"]
[WhiteElo "1849"]
[BlackElo "1925"]
[PlyCount "83"]
[EventDate "2016.04.20"]

1. c4 e5 2. Nc3 Nc6 3. g3 Nf6 4. Bg2 g6 5. Nf3 Bg7 6. O-O O-O 7. d3 d6 8. Rb1
a5 9. a3 Bg4 10. h3 Bd7 11. b4 axb4 12. axb4 Qc8 13. Kh2 Ne7 14. Bb2 h6 15. Nd2
Nh7 16. e4 g5 17. Ne2 g4 18. h4 h5 19. Rc1 Ng6 20. c5 dxc5 21. Rxc5 b6 22. Rc1
Ba4 23. Qe1 Qd7 24. Rg1 Qe7 25. Rh1 Qxb4 26. Nc4 Qxe1 27. Rhxe1 Bb5 28. Nc3
Bxc4 29. dxc4 c6 30. Rb1 Bh6 31. Nd1 Bd2 32. Re2 Ba5 33. Ne3 Rfd8 34. Bc1 Nf6
35. Nf5 Rd1 36. Ra1 Rad8 37. Rc2 Bd2 38. Bxd2 R8xd2 39. Rxd2 Rxd2 40. Ra8+ Kh7
41. Ra7 Nh8 42. Rc7 1/2-1/2

[Event "Russian Championship B15 1st league 2016"]
[Site "Loo"]
[Date "2016.04.23"]
[Round "4.10"]
[White "Stepanov, Andrey"]
[Black "Shmelev, Mikhail"]
[Result "1-0"]
[WhiteElo "1922"]
[BlackElo "1589"]
[PlyCount "105"]
[EventDate "2016.04.20"]

1. e4 c5 2. Nf3 d6 3. d4 cxd4 4. Nxd4 Nf6 5. Nc3 a6 6. Bg5 e6 7. f4 Be7 8. Qf3
O-O 9. O-O-O Qc7 10. Bd3 Nc6 11. Nxc6 bxc6 12. Rde1 e5 13. f5 Bb7 14. g4 Rfd8
15. h4 d5 16. Bxf6 Bxf6 17. g5 Be7 18. f6 Bf8 19. fxg7 Bxg7 20. Kb1 d4 21. Nd1
Bc8 22. b3 Be6 23. Nb2 a5 24. a4 Rdb8 25. Bc4 Qe7 26. Qd3 Rb4 27. Reg1 Rab8 28.
Kc1 c5 29. Kd1 Qd7 30. Bxe6 Qxe6 31. Nc4 Ra8 32. Rh2 Rb7 33. Rf2 Rba7 34. Rf5
Re7 35. Rg3 Qc6 36. Qe2 Qa6 37. h5 Rf8 38. Qf1 Re6 39. Qf2 Qa8 40. Rg4 Qa6 41.
Qh2 Rfe8 42. Qg2 R8e7 43. Rf2 Rd7 44. Rg3 Rde7 45. Qf3 Rd7 46. Qf5 Rde7 47.
Rgf3 Qa7 48. h6 Bh8 49. Nd6 f6 50. Nc4 Qa6 51. g6 hxg6 52. Qxg6+ Kf8 53. Rg3
1-0

[Event "Russian Championship B15 1st league 2016"]
[Site "Loo"]
[Date "2016.04.23"]
[Round "4.11"]
[White "Novikov, Aleksey"]
[Black "Poliakov, Artem"]
[Result "0-1"]
[WhiteElo "1823"]
[BlackElo "2168"]
[PlyCount "76"]
[EventDate "2016.04.20"]

1. e4 d5 2. exd5 Qxd5 3. Nc3 Qd6 4. d4 Nf6 5. Bd3 a6 6. Nge2 Nc6 7. Bf4 Qd8 8.
Ne4 Bg4 9. f3 Bh5 10. c3 Bg6 11. Bg3 e6 12. O-O Bd6 13. Qb3 O-O 14. Rad1 b5 15.
a4 Rb8 16. axb5 axb5 17. Qc2 Nd5 18. Qd2 Na5 19. Nxd6 cxd6 20. Nf4 Nxf4 21.
Qxf4 Bxd3 22. Rxd3 Rb6 23. Re1 d5 24. Rde3 Nc4 25. R3e2 b4 26. Qg4 bxc3 27. Bh4
Qd6 28. Bf6 g6 29. bxc3 Rfb8 30. h4 Qf8 31. h5 Qh6 32. hxg6 hxg6 33. g3 Rb2 34.
Bg5 Rxe2 35. Bxh6 Rxe1+ 36. Kf2 Rh1 37. f4 Rb2+ 38. Kf3 Rf1# 0-1

[Event "Russian Championship B15 1st league 2016"]
[Site "Loo"]
[Date "2016.04.23"]
[Round "4.12"]
[White "Marchuk, Rostislav"]
[Black "Petrov, Nikolay"]
[Result "1-0"]
[WhiteElo "2039"]
[BlackElo "1788"]
[PlyCount "43"]
[EventDate "2016.04.20"]

1. d4 Nf6 2. Nf3 d5 3. e3 Bf5 4. c4 c6 5. Nc3 e6 6. Be2 Be7 7. O-O O-O 8. Nh4
Be4 9. f3 Bg6 10. Nxg6 hxg6 11. e4 dxc4 12. Bxc4 Nbd7 13. Be3 Kh7 14. Bb3 Rh8
15. h3 Kg8 16. f4 c5 17. e5 Ne8 18. d5 exd5 19. Qxd5 c4 20. Qxc4 Kh7 21. Qxf7
Nc7 22. f5 1-0

[Event "Russian Championship B15 1st league 2016"]
[Site "Loo"]
[Date "2016.04.23"]
[Round "4.13"]
[White "Safin, Timur"]
[Black "Novikov, Roman"]
[Result "0-1"]
[WhiteElo "1802"]
[BlackElo "2021"]
[PlyCount "50"]
[EventDate "2016.04.20"]

1. e4 e6 2. d4 d5 3. e5 c5 4. c3 Qb6 5. Nf3 Nc6 6. a3 Bd7 7. b4 cxd4 8. cxd4
Rc8 9. Be3 Nh6 10. Bd3 Ng4 11. O-O Be7 12. Nbd2 Nxe3 13. fxe3 O-O 14. Nb3 f5
15. Nc5 Bxc5 16. bxc5 Qd8 17. Rb1 Rb8 18. Nd2 Qg5 19. Rf4 Nxd4 20. h4 Qh6 21.
g4 Qxh4 22. Rxd4 Qg3+ 23. Kh1 Qh3+ 24. Kg1 Qxe3+ 25. Kh1 Qxd4 0-1

[Event "Russian Championship B15 1st league 2016"]
[Site "Loo"]
[Date "2016.04.23"]
[Round "4.14"]
[White "Bratchikov, Vladislav"]
[Black "Rovnov, Vladislav"]
[Result "1/2-1/2"]
[WhiteElo "1815"]
[BlackElo "1993"]
[PlyCount "86"]
[EventDate "2016.04.20"]

1. d4 Nf6 2. Nf3 c5 3. e3 g6 4. g3 Bg7 5. Bg2 O-O 6. O-O d5 7. b3 Nc6 8. Bb2
cxd4 9. exd4 Bg4 10. h3 Bxf3 11. Bxf3 e6 12. Re1 b5 13. c3 a5 14. Qd3 Qb6 15.
Nd2 Rfd8 16. a3 Ne8 17. b4 Nd6 18. Nb3 Nc4 19. Qc2 Rd7 20. Be2 Rda7 21. Bxc4
bxc4 22. Nc5 axb4 23. axb4 e5 24. Rxa7 Rxa7 25. dxe5 Nxe5 26. Qd1 Re7 27. Re3
Qd6 28. Qe2 h6 29. Bc1 g5 30. Qc2 Qf6 31. Kg2 h5 32. Qd1 Qc6 33. Qa4 Qxa4 34.
Nxa4 Ra7 35. Nb6 Ra2 36. Nxd5 Rc2 37. Ba3 Nd3 38. b5 Bxc3 39. b6 Bd4 40. b7 Ba7
41. b8=Q+ Bxb8 42. Re8+ Kg7 43. Rxb8 c3 1/2-1/2

[Event "Russian Championship B15 1st league 2016"]
[Site "Loo"]
[Date "2016.04.23"]
[Round "4.15"]
[White "Slugin, Yaroslav"]
[Black "Matchenya, Ivan"]
[Result "0-1"]
[WhiteElo "1989"]
[BlackElo "1770"]
[PlyCount "70"]
[EventDate "2016.04.20"]

1. a3 e5 2. b4 a5 3. Bb2 d5 4. b5 Nd7 5. e3 c5 6. bxc6 bxc6 7. c4 Bd6 8. cxd5
cxd5 9. Qb3 Ngf6 10. Nc3 Nc5 11. Qc2 Ba6 12. Bxa6 Rxa6 13. d4 exd4 14. exd4 Ne6
15. Nf3 O-O 16. O-O Nf4 17. Ne5 Qc8 18. Qd2 N6h5 19. Ne2 Bxe5 20. dxe5 Nxg2 21.
e6 Qxe6 22. Ng3 Qh3 23. Qg5 Ngf4 24. Nf5 Rg6 25. Ne7+ Kh8 26. Nxg6+ fxg6 27. f3
Ne2+ 28. Kf2 Qxf3+ 29. Ke1 Qxf1+ 30. Kd2 Qf2 31. Qe7 Nd4+ 32. Kd1 Qc2+ 33. Ke1
Nf3+ 34. Kf1 Nxh2+ 35. Kg1 Qf2+ 0-1

[Event "Russian Championship B15 1st league 2016"]
[Site "Loo"]
[Date "2016.04.23"]
[Round "4.16"]
[White "Moskvin, Anatoly"]
[Black "Fominov, Andrei"]
[Result "1-0"]
[WhiteElo "1960"]
[BlackElo "1730"]
[PlyCount "83"]
[EventDate "2016.04.20"]

1. e4 c5 2. Nf3 e6 3. d3 d5 4. Nbd2 Nc6 5. g3 Nf6 6. Bg2 Bd6 7. O-O O-O 8. Qe2
Qc7 9. Re1 Nd7 10. c3 b6 11. Nh4 d4 12. f4 Be7 13. Nhf3 Ba6 14. c4 Bb7 15. e5
a6 16. Ne4 b5 17. b3 Nd8 18. Bh3 Qc6 19. Bd2 Kh8 20. Rf1 Nb6 21. f5 exf5 22.
Bxf5 bxc4 23. bxc4 g6 24. Bh3 Nxc4 25. Bh6 Re8 26. Rac1 Nb6 27. e6 Qd5 28. Bg5
Bxg5 29. Nfxg5 Nxe6 30. Bxe6 Rxe6 31. Nxe6 Qxe6 32. Rf6 Qe7 33. Rxb6 f5 34. Qb2
Bxe4 35. dxe4 Qxe4 36. Rb8+ Rxb8 37. Qxb8+ Kg7 38. Qc7+ Kf8 39. Qf4 Qd3 40. Re1
c4 41. Qh6+ Kf7 42. Qxh7+ 1-0

[Event "Russian Championship B15 1st league 2016"]
[Site "Loo"]
[Date "2016.04.23"]
[Round "4.17"]
[White "Fomichev, Ilya"]
[Black "Mishin, Viacheslav"]
[Result "0-1"]
[WhiteElo "1723"]
[BlackElo "1949"]
[PlyCount "56"]
[EventDate "2016.04.20"]

1. e4 d5 2. exd5 Nf6 3. d4 Nxd5 4. Nf3 g6 5. Be3 Bg7 6. c3 O-O 7. Bd3 Nc6 8.
Qd2 Bg4 9. Be2 f5 10. Bh6 Bxh6 11. Qxh6 e5 12. Ng5 Qe7 13. Bxg4 exd4+ 14. Be2
d3 15. O-O dxe2 16. Re1 Nf6 17. Qh3 Rad8 18. Na3 Rfe8 19. Nf3 Nh5 20. g3 Rd3
21. Qg2 f4 22. Nc2 Qe4 23. Ng5 Qf5 24. h4 fxg3 25. Nd4 Nxd4 26. cxd4 gxf2+ 27.
Qxf2 Rg3+ 28. Kh2 Qxf2+ 0-1